Do ligy zapísal Jednotu, potom seba košický útočník Vojtech Chmilnický v rozlúčkovom roku napínal s Fazekašom siete v drese ŠK Železničiari Sparta

Bibliographic Details
Main Author: Magda, Eugen, 1939-2021 (Author)
Format: Article
Language:Slovak
PhysicalDescription:Fotogr.
ISSN:1335-4566
Subjects:

MARC

LEADER 00000nab a2200000 a 4500
001 vtls008408572
003 SK-MaSNL
005 20260303070106.0
008 160322c20050321xo drz 0 0slo
038 |a KEVKJB 
040 |a KEVKJB  |b slo  |c KEVKJB  |e AACR2 
041 0 |a slo 
044 |a xo  |c SK 
080 |a 796.332  |2 UDC-MRF-SK2 
080 |a 929 Chmilnický, Vojtech  |2 UDC-MRF-SK2 
100 1 |a Magda, Eugen,  |d 1939-2021  |4 aut  |9 132945 
245 1 0 |a Do ligy zapísal Jednotu, potom seba  |b košický útočník Vojtech Chmilnický v rozlúčkovom roku napínal s Fazekašom siete v drese ŠK Železničiari Sparta  |c Eugen Magda 
300 |b Fotogr. 
600 1 7 |a Chmilnický, Vojtech,  |d 1920-1998  |2 kevkjb  |9 1067061 
650 0 7 |a futbal  |2 kevkjb  |9 3291 
651 7 |a Košice (Slovensko)  |2 kevkjb  |9 18694 
773 0 |t Košický denník Korzár  |g Roč. VIII, č. 66 (21.3.2005)  |x 1335-4566 
773 0 8 |i Príl.  |t Šport  |g S. 17 
852 |a KEVKJB  |b KIS3GCP 
958 |a BX 
999 |c 1753919  |d 1755849